Capitali del Mondo - Morte improvvisa - Statistics

Statistiche generali
  • Questo quiz è stato fatto 5.707 volte
  • Il punteggio medio è 18 su 100
Answers on the Grid
Answers color-coded by a green-red scale on the quiz's grid according to % correct below.
Shangai
Wuhan
Mumbai
Delhi
Ibadan
Saint Louis
San Paolo
Manaus
Tientsin
Lagos
Durban
Osaka
Sapporo
Karachi
Chongqing
Lahore
Calcutta
Bengaluru
Istanbul
Smirne
Los Angeles
Houston
Ho Chi Minh
Surabaya
Dar es Salaam
Giza
Dubai
Odessa
Guadalajara
León
San Pietroburgo
Rostov sul Don
Abidjan
Birmingham
Sydney
Perth
Barcellona
Valencia
Melbourne
Brisbane
Toronto
Vancouver
La Mecca
Gedda
Aleppo
Mashhad
Casablanca
Marrakech
Almaty
Bonn
Yangon
Fès
Zurigo
Ginevra
Belize
Linz
Serravalle
Durazzo
Montréal
Salonicco
Cuzco
Rosario
La Plata
Nižnij Novgorod
Rio de Janeiro
Porto Alegre
Oporto
Braga
Marsiglia
Lione
Manchester
Glasgow
Milano
Ufa
Brno
Cluj-Napoca
Francoforte sul Meno
Amburgo
Malmö
Göteborg
Cracovia
Danzica
Varna
Calgary
Alessandria
Mosul
Bengasi
Charkiv
Johannesburg
Monaco di Baviera
Medellin
Cali
Yokohama
Nagoya
Rotterdam
Anversa
Novi Sad
Cork
New York
Bangalore
Al Kuwait
Amman
Andorra la Vella
Asmara
Basseterre
Bogotà
Brasilia
Bratislava
Bridgetown
Canberra
Castries
Città di San Marino
Conakry
Dodoma
Harare
Kabul
Katmandu
Lilongwe
Lima
Londra
Manama
Mascate
N'Djamena
Nairobi
Naypyidaw
Ngerulmud
Nouakchott
Ouagadougou
Palikir
Panama
Parigi
Port Louis
Port of Spain
Port-au-Prince
Roma
Roseau
Saint George's
Saint John's
Skopje
Sri Jayawardenapura Kotte
Suva
Tashkent
Tegucigalpa
Thimphu
Tripoli
Ulan Bator
Vientiane
Wellington
Yamoussoukro
Yaoundé
Beirut
Asunción
Sana'a
Caracas
Funafuti
Dili
Bangkok
Stoccolma
Paramaribo
Giuba
Lubiana
Victoria
Belgrado
Honiara
Doha
Port Moresby
Islamabad
Oslo
Niamey
Monaco
Città del Messico
Malé
Vilnius
Monrovia
Riga
Biškek
Reykjavík
Bissau
Malabo
Atene
Berlino
Helsinki
Manila
Addis Abeba
Quito
Zagabria
Kinshasa
Moroni
Bangui
Gitega
Phnom Penh
Sofia
Belmopan
Porto-Novo
Dacca
Nassau
Erevan
Buenos Aires
Luanda
Tirana
 
Statistiche sulle risposte
Risposta % Corretto
Berlino
32%
Parigi
31%
Riga
31%
Roma
31%
Stoccolma
31%
Tirana
30%
Atene
29%
Londra
29%
Nairobi
29%
Oslo
29%
Buenos Aires
28%
Città di San Marino
28%
Helsinki
28%
Reykjavík
28%
Sofia
28%
Andorra la Vella
27%
Belgrado
27%
Brasilia
27%
Lima
27%
Skopje
27%
Vilnius
27%
Città del Messico
26%
Zagabria
26%
Bangkok
25%
Bogotà
25%
Bratislava
25%
Beirut
24%
Canberra
24%
Lubiana
24%
Manila
24%
Addis Abeba
23%
Quito
23%
Caracas
22%
Dacca
22%
Islamabad
22%
Panama
22%
Kabul
21%
Monaco
21%
Tripoli
21%
Doha
20%
Wellington
20%
Asunción
19%
Bissau
19%
Katmandu
19%
Port-au-Prince
19%
Ulan Bator
19%
Malé
18%
Amman
17%
Sri Jayawardenapura Kotte
17%
Erevan
16%
Mascate
16%
Nassau
16%
Ouagadougou
16%
Phnom Penh
16%
Vientiane
16%
Asmara
15%
Belmopan
15%
Kinshasa
15%
N'Djamena
15%
Port of Spain
15%
Thimphu
15%
Bridgetown
14%
Manama
14%
Paramaribo
14%
Sana'a
14%
Tashkent
14%
Al Kuwait
13%
Dili
13%
Luanda
13%
Monrovia
13%
Tegucigalpa
13%
Yamoussoukro
13%
Yaoundé
13%
Dodoma
12%
Harare
12%
Niamey
12%
Port Louis
12%
Port Moresby
12%
Roseau
12%
Saint George's
12%
Suva
12%
Bangui
11%
Basseterre
11%
Biškek
11%
Funafuti
11%
Naypyidaw
11%
Saint John's
11%
Victoria
11%
Moroni
10%
Porto-Novo
10%
Conakry
9%
Gitega
9%
Giuba
9%
Castries
8%
Honiara
8%
Lilongwe
8%
Malabo
8%
Ngerulmud
8%
Nouakchott
8%
Palikir
7%
Nessun quiz corrispondente trovato
Distribuzione punteggi
Percentuale di utenti per punteggio
Percentile per numero di risposta
I tuoi punteggi nel tempo
Non hai fatto questo quiz